00741nam a22001937a 4500003000500000005001700005008004100022010001000063011001000073035001100083040000900094100003900103245014500142260004100287502010400328650003600432650002900468650005000497CHAP20220329143105.0060301d2005 mx r 00110 spa d a91793 a92765 a103331 cCHAP1 aSuárez Dueñas, José María.10aOrganización campesina en la conformación de áreas naturales protegidas, caso Peña Alta, Gto.c/por José María Suárez Dueñas aChapingo, Méx. :bEl autor,c2001. aTesis (M.C. en Desarrollo Rural Regional) -- UACH. Dirección de Centros Regionales Universitarios14aÁreas protegidaszGuanajuato.14aCampesinadoxGuanajuato.14aDesarrollo de la comunidad ruralxGuanajuato.